00891nam a2200241Ia 4500003000900000008004100009020003000050020003100080022002200111022002300133040001600156100002100172245008600193260005700279300002000336490003400356650005700390650003700447650001600484650006400500650001200564856007300576IN-BaIIA211028s9999 xx s 000 0 eng d a978-3-642-34069-7 (Print) a978-3-642-34070-3 (Online) a1860-0832 (Print) a1860-0840 (Online) cIIA Library aRubio, Ramon G.  0aWithout Bounds: A Scientific Canvas of Nonlinearity and Complex Dynamicsh[eBook] aHeidelberg, BerlinbSpringer Berlin Heidelbergc2013 aOnline resource aUnderstanding Complex Systems a Applications of Nonlinear Dynamics and Chaos Theory a Classical and Continuum Physics a Complexity a Soft and Granular Matter, Complex Fluids and Microfluidics aPhysics uhttp://doi.org/10.1007/978-3-642-34070-3yClick Here to Access eBook